Françoise Héritier, Une pensée en mouvement, Textes réunis par Salvatore D’Onofrio. Paris, Odile Jacob, 2009, 453 p., bibl., index, ill. (notice n° 1646395)
[ vue normale ]
| 000 -LEADER | |
|---|---|
| fixed length control field | 00552cam a2200145 4500500 |
| 005 - DATE AND TIME OF LATEST TRANSACTION | |
| control field | 20260208002439.0 |
| 041 ## - LANGUAGE CODE | |
| Language code of text/sound track or separate title | fre |
| 042 ## - AUTHENTICATION CODE | |
| Authentication code | dc |
| 100 10 - MAIN ENTRY--PERSONAL NAME | |
| Personal name | Masset, Claude |
| Relator term | author |
| 245 00 - TITLE STATEMENT | |
| Title | Françoise Héritier, Une pensée en mouvement, Textes réunis par Salvatore D’Onofrio. Paris, Odile Jacob, 2009, 453 p., bibl., index, ill. |
| 260 ## - PUBLICATION, DISTRIBUTION, ETC. | |
| Date of publication, distribution, etc. | 2011.<br/> |
| 500 ## - GENERAL NOTE | |
| General note | 13 |
| 786 0# - DATA SOURCE ENTRY | |
| Note | L'Homme | 198-199 | 2 | 2011-07-01 | p. 367a-371a | 0439-4216 |
| 856 41 - ELECTRONIC LOCATION AND ACCESS | |
| Uniform Resource Identifier | <a href="https://shs.cairn.info/revue-l-homme-2011-2-page-367a?lang=fr&redirect-ssocas=7080">https://shs.cairn.info/revue-l-homme-2011-2-page-367a?lang=fr&redirect-ssocas=7080</a> |
Pas d'exemplaire disponible.




Réseaux sociaux